World Capitals Ending with 'U' Quiz Stats

Quiz Updated Apr 20, 2016

Challenge
Share
Tweet
Embed
Score 0/10 Timer 05:00
0 Plays Today
Capital % Correct
Baku
68%
Bissau
56.3%
Mogadishu
55.8%
Kathmandu
51.6%
Chisinau
51.1%
Nassau
49.6%
Ouagadougou
49.4%
Thimphu
47.7%
Maseru
47%
Roseau
37.2%

You're not logged in!

Compare scores with friends on all Sporcle quizzes.
Sign Up with Email
OR
Log In

You Might Also Like...

Show Comments

Extras

Top Quizzes Today


Score Distribution

Your Account Isn't Verified!

In order to create a playlist on Sporcle, you need to verify the email address you used during registration. Go to your Sporcle Settings to finish the process.